000 01203cam a2200301 a 4500
001 205033
005 20260309144956.0
008 990618s2000 txua b 001 0 eng
020 _a0030220548
020 _a9780030220548
050 0 0 _aHG1615.25
_b.G37 2000
082 0 0 _a332.1/068/1
_221
100 1 _aGardner, Mona J.
245 1 0 _aManaging financial institutions :
_ban asset/liability approach /
_cMona J. Gardner, Dixie L. Mills, Elizabeth S. Cooperman.
250 _a4th ed.
260 _aFt. Worth :
_bDryden Press,
_c2000.
300 _axxiii, 935 p. :
_bill. ;
_c27 cm.
440 4 _aThe Dryden Press series in finance
650 0 _aAsset-liability management.
650 0 _aRisk management.
650 0 _aFinancial institutions
_xManagement.
700 1 _aMills, Dixie L.
700 1 _aCooperman, Elizabeth S.
_q(Elizabeth Singleton),
_d1949-
856 4 2 _3Contributor biographical information
_uhttp://www.loc.gov/catdir/enhancements/fy1514/99064778-b.html
856 4 2 _3Publisher description
_uhttp://www.loc.gov/catdir/enhancements/fy1514/99064778-d.html
856 4 1 _3Table of contents only
_uhttp://www.loc.gov/catdir/enhancements/fy1514/99064778-t.html
942 _2lcc
_cBK
_n0
999 _c8911
_d8911